[Event "Pardubice Czech op-E 34th"]
[Site "Pardubice"]
[Date "2023.07.15"]
[Round "5"]
[White "Hurdzan, Tomas"]
[Black "Zimmermann, Rene"]
[Result "1-0"]
[WhiteElo "2309"]
[BlackElo "2207"]
[PlyCount "87"]
[EventDate "2023.07.13"]
[EventType "team-swiss"]
[EventRounds "7"]
[EventCountry "CZE"]
[SourceTitle "CBM 215 Extra"]
[Source "ChessBase"]
[SourceDate "2023.09.30"]
[SourceVersion "1"]
[SourceVersionDate "2023.09.30"]
[SourceQuality "1"]
[WhiteTeam "Klatovy Sokol"]
[BlackTeam "Grossschoenau"]
[WhiteTeamCountry "CZE"]
[BlackTeamCountry "GER"]

1. e4 e6 2. d4 d5 3. Nc3 Bb4 4. e5 c5 5. a3 Bxc3+ 6. bxc3 Qa5 7. Bd2 Qa4 8. h4 b6 9. h5 h6 10. Qg4 Kf8 11. Rh3 Ne7 12. Rf3 Nbc6 13. Qf4 Nd8 14. dxc5 Qxf4 15. Rxf4 bxc5 16. c4 Ba6 17. Rb1 d4 18. Bd3 Ndc6 19. Nf3 Ke8 20. c3 dxc3 21. Bxc3 Rd8 22. Ke2 Nc8 23. Nd2 Nb6 24. Ne4 Rxd3 25. Kxd3 Nxc4 26. Nxc5 Nxa3+ 27. Nxa6 Nxb1 28. Bb2 Na3 29. Bxa3 Nxe5+ 30. Ke2 f6 31. Rb4 Kd7 32. Rb7+ Kc6 33. Rxg7 Kb6 34. Nc5 Nc4 35. Nd7+ Kc6 36. Bc1 f5 37. Bf4 Kb5 38. Ne5 a5 39. Rb7+ Ka6 40. Re7 Nb6 41. Rxe6 Kb5 42. Nf7 Rf8 43. Nd6+ Kc5 44. Bxh6 1-0

[Event "Pardubice Czech op-E 33rd"]
[Site "Pardubice"]
[Date "2022.07.16"]
[Round "4.3"]
[White "Zimmermann, Rene"]
[Black "Nytra, Ondrej"]
[Result "1-0"]
[WhiteElo "2201"]
[BlackElo "2214"]
[PlyCount "53"]
[EventDate "2022.07.14"]
[EventType "team-swiss"]
[EventRounds "7"]
[EventCountry "CZE"]
[SourceTitle "CBM 209 Extra"]
[Source "ChessBase"]
[SourceDate "2022.09.30"]
[SourceVersion "1"]
[SourceVersionDate "2022.09.30"]
[SourceQuality "1"]
[WhiteTeam "Grossschoenau"]
[BlackTeam "Beskydy Chess School S"]
[WhiteTeamCountry "GER"]
[BlackTeamCountry "CZE"]

1. d4 d5 2. Nf3 c6 3. c4 e6 4. Qc2 dxc4 5. a4 Bb4+ 6. Bd2 Bxd2+ 7. Nbxd2 b5 8. e3 a5 9. axb5 cxb5 10. b3 Nf6 11. bxc4 b4 12. Bd3 0-0 13. 0-0 Bd7 14. Rfb1 Qe7 15. Ne5 Rc8 16. c5 Nc6 17. Nxd7 Nxd7 18. Bxh7+ Kh8 19. Be4 f5 20. Bxc6 Rxc6 21. Rxb4 e5 22. Rb7 Rb8 23. Rxb8+ Nxb8 24. Qxf5 exd4 25. exd4 Rf6 26. Qe5 Qb7 27. Rb1 1-0

[Event "Oberliga Ost-A 2122"]
[Site "Germany"]
[Date "2022.04.30"]
[Round "2.7"]
[White "Zimmermann, Rene"]
[Black "Heyne, Jan Hendrik"]
[Result "1-0"]
[WhiteElo "2199"]
[BlackElo "1847"]
[PlyCount "119"]
[EventDate "2021.10.10"]
[EventType "team-tourn"]
[EventRounds "11"]
[EventCountry "GER"]
[SourceTitle "EXT 2023"]
[Source "ChessBase"]
[SourceDate "2022.10.05"]
[SourceVersion "1"]
[SourceVersionDate "2022.10.05"]
[SourceQuality "1"]
[WhiteTeam "Dresden Gruen Weiss"]
[BlackTeam "Magdeburg Aufbau Elbe II"]
[WhiteTeamCountry "GER"]
[BlackTeamCountry "GER"]

1. d4 Nf6 2. c4 e6 3. Nc3 d5 4. Bg5 Be7 5. Qc2 Nbd7 6. cxd5 exd5 7. e3 c6 8. Bd3 Nf8 9. Nge2 Bg4 10. 0-0 Bh5 11. f3 Ne6 12. Bh4 Bg6 13. Rad1 0-0 14. Bf2 Re8 15. Ng3 Bxd3 16. Qxd3 g6 17. a3 a5 18. Qd2 Bf8 19. h3 Bh6 20. Qc2 Qc7 21. e4 dxe4 22. fxe4 Rac8 23. Qb3 Bg7 24. e5 Nd5 25. Nge4 Qe7 26. Nd6 Nef4 27. Nxd5 Nxd5 28. Nxe8 Rxe8 29. Qf3 Bh6 30. Kh1 Rf8 31. Rde1 Qe6 32. Bh4 Bg7 33. Bf6 Re8 34. Bxg7 Kxg7 35. Qg3 Re7 36. Re2 Qd7 37. Ref2 Kg8 38. Qg5 Kg7 39. Rf6 Kg8 40. Qh6 Nc7 41. R6f4 Ne6 42. Rh4 Nf8 43. Qc1 Qd5 44. Rf3 Ne6 45. Qh6 Nf8 46. Rc3 b6 47. Qf4 Re6 48. Qf1 Qd7 49. Rf4 Qb7 50. Rf6 Rxf6 51. exf6 Ne6 52. Qc4 c5 53. dxc5 bxc5 54. Rb3 Qc7 55. Qd5 Qf4 56. Qa8+ Nf8 57. Qf3 Qe5 58. Re3 Qxb2 59. Re8 Qb5 60. Rd8 1-0

[Event "Oberliga Ost-A 2122"]
[Site "Germany"]
[Date "2021.10.10"]
[Round "1.6"]
[White "Grohmann, Alexander"]
[Black "Zimmermann, Rene"]
[Result "0-1"]
[WhiteElo "1961"]
[BlackElo "2194"]
[PlyCount "94"]
[EventDate "2021.10.10"]
[EventType "team-tourn"]
[EventRounds "11"]
[EventCountry "GER"]
[SourceTitle "EXT 2023"]
[Source "ChessBase"]
[SourceDate "2022.10.05"]
[SourceVersion "1"]
[SourceVersionDate "2022.10.05"]
[SourceQuality "1"]
[WhiteTeam "Hoyerswerda"]
[BlackTeam "Dresden Gruen Weiss"]
[WhiteTeamCountry "GER"]
[BlackTeamCountry "GER"]

1. e4 e6 2. d4 d5 3. Nc3 Bb4 4. exd5 exd5 5. Bd3 Nc6 6. a3 Ba5 7. Be3 Nge7 8. Qf3 Be6 9. b4 Bb6 10. Nce2 Qd7 11. h3 Bf5 12. Bxf5 Nxf5 13. c3 Nce7 14. Nf4 a5 15. Rd1 0-0 16. Nge2 c6 17. 0-0 Rfe8 18. Bd2 Nd6 19. Ng3 Bc7 20. Nfh5 Ndf5 21. Qg4 Qe6 22. Nf4 Qf6 23. Rde1 Nh6 24. Qf3 Nhf5 25. Nfh5 Qg6 26. Bf4 Bxf4 27. Nxf4 Qg5 28. Re5 f6 29. Re6 Nxg3 30. fxg3 Ng6 31. Rfe1 Rxe6 32. Rxe6 Qf5 33. Re3 axb4 34. axb4 Ra1+ 35. Kh2 Qb1 36. g4 Qg1+ 37. Kg3 Rf1 38. Re8+ Kf7 39. Qe2 Nxf4 40. Re7+ Kg6 41. Qc2+ Kh6 42. h4 Rc1 43. g5+ fxg5 44. hxg5+ Kxg5 45. Re5+ Kh6 46. Qd2 Qxg2+ 47. Qxg2 Nxg2 0-1

[Event "GER Cup Net Final-A U2400"]
[Site "Playchess.com INT"]
[Date "2020.06.06"]
[Round "13"]
[White "Dauner, Benedikt"]
[Black "Zimmermann, Rene"]
[Result "1-0"]
[WhiteElo "2063"]
[BlackElo "2045"]
[PlyCount "53"]
[EventDate "2020.06.06"]
[EventType "swiss (blitz)"]
[EventRounds "13"]
[EventCountry "GER"]
[SourceTitle "CBM 197 Extra"]
[Source "ChessBase"]
[SourceDate "2020.09.30"]
[SourceVersion "1"]
[SourceVersionDate "2020.09.30"]
[SourceQuality "1"]

1. d4 d5 2. Bf4 c6 3. e3 Qb6 4. b3 Bf5 5. Nf3 Nd7 6. Be2 Ngf6 7. 0-0 e6 8. c4 Be7 9. Nc3 Ne4 10. Nxe4 Bxe4 11. Ne5 Nxe5 12. Bxe5 0-0 13. Bd3 Bxd3 14. Qxd3 Rfd8 15. c5 Qa5 16. b4 Qa4 17. Rfb1 b6 18. Qb3 Qb5 19. a4 Qe2 20. b5 cxb5 21. c6 bxa4 22. Qxa4 Rdc8 23. c7 Kf8 24. h3 Qc4 25. Qd7 Re8 26. Rc1 Qb4 27. c8Q 1-0

[Event "GER Cup Net Final-A U2400"]
[Site "Playchess.com INT"]
[Date "2020.06.06"]
[Round "3"]
[White "Henning, Marvin"]
[Black "Zimmermann, Rene"]
[Result "0-1"]
[WhiteElo "2246"]
[BlackElo "2045"]
[PlyCount "168"]
[EventDate "2020.06.06"]
[EventType "swiss (blitz)"]
[EventRounds "13"]
[EventCountry "GER"]
[SourceTitle "CBM 197 Extra"]
[Source "ChessBase"]
[SourceDate "2020.09.30"]
[SourceVersion "1"]
[SourceVersionDate "2020.09.30"]
[SourceQuality "1"]

1. e4 e6 2. d4 d5 3. exd5 exd5 4. c4 c6 5. Nc3 Nf6 6. Nf3 Be6 7. cxd5 Nxd5 8. Bd3 Be7 9. 0-0 Nd7 10. Re1 0-0 11. Qc2 h6 12. a3 Re8 13. Bd2 Qc7 14. Bg6 Nxc3 15. Bxc3 Bd5 16. Be4 Bxe4 17. Qxe4 Nf6 18. Qf5 Bd6 19. h3 Nd5 20. Bd2 Rad8 21. Qg4 Qc8 22. Qh4 Rxe1+ 23. Rxe1 Re8 24. Rc1 Re6 25. Qh5 Qe8 26. g3 Re2 27. Qg4 Nf6 28. Qf5 Qe4 29. Qxe4 Nxe4 30. Be1 Rxb2 31. Ra1 Rb3 32. Kg2 Rxa3 33. Rb1 b5 34. Rc1 Ra6 35. Rb1 Kf8 36. Nh4 g6 37. Nf3 Ke7 38. Ng1 Ke6 39. Ne2 Kd5 40. Rb3 Ra4 41. Kf3 Ra2 42. Re3 f5 43. g4 Ng5+ 44. Kg2 f4 45. Nc3+ Kxd4 46. Nxa2 fxe3 47. fxe3+ Kxe3 48. Nc1 b4 49. Bf2+ Kd2 50. Nb3+ Kc3 51. Na5 c5 52. Be1+ Kc2 53. h4 Ne4 54. Kf3 Nc3 55. Nc4 Be7 56. Ne3+ Kd3 57. h5 gxh5 58. gxh5 b3 59. Bxc3 Kxc3 60. Nd5+ Kd4 61. Nxe7 b2 62. Nf5+ Kd3 63. Nxh6 b1Q 64. Nf5 Qf1+ 65. Kg4 Qg2+ 66. Kf4 Qh3 67. h6 c4 68. Kg5 c3 69. Nh4 Qd7 70. Ng6 Qh7 71. Ne5+ Ke4 72. Ng4 Qe7+ 73. Kg6 c2 74. Nf6+ Ke5 75. Ng8 Qe6+ 76. Kg7 c1Q 77. h7 Qg5+ 78. Kh8 Qh5 79. Nh6 Qee8+ 80. Kg7 Qxh6+ 81. Kxh6 Qh8 82. Kg6 Ke6 83. Kh6 Kf5 84. Kh5 Qxh7# 0-1

[Event "GER Cup Net Final-A U2400"]
[Site "Playchess.com INT"]
[Date "2020.06.06"]
[Round "8"]
[White "Koellner, Ruben Gideon"]
[Black "Zimmermann, Rene"]
[Result "0-1"]
[WhiteElo "2044"]
[BlackElo "2045"]
[PlyCount "152"]
[EventDate "2020.06.06"]
[EventType "swiss (blitz)"]
[EventRounds "13"]
[EventCountry "GER"]
[SourceTitle "CBM 197 Extra"]
[Source "ChessBase"]
[SourceDate "2020.09.30"]
[SourceVersion "1"]
[SourceVersionDate "2020.09.30"]
[SourceQuality "1"]

1. d4 d5 2. Bf4 c6 3. e3 Qb6 4. Bd3 Qxb2 5. Nd2 e6 6. Ne2 Nf6 7. 0-0 Qb6 8. c4 Be7 9. a4 a6 10. c5 Qd8 11. Rb1 0-0 12. Qc2 Nbd7 13. Nf3 Re8 14. Ne5 h6 15. h3 Nxe5 16. Bxe5 Nd7 17. Bg3 e5 18. Bxe5 Nxe5 19. dxe5 Qa5 20. Rfc1 Qc7 21. f4 Bf8 22. Nd4 Qe7 23. Nf5 Bxf5 24. Bxf5 Rab8 25. a5 f6 26. e6 Qc7 27. Rb6 Be7 28. Bh7+ Kh8 29. Bg6 Red8 30. Rcb1 d4 31. exd4 Rxd4 32. f5 Rd5 33. Kh1 Bxc5 34. R6b3 Be7 35. Qb2 Rb5 36. Rxb5 axb5 37. Rd1 Rd8 38. Qc2 Qxa5 39. Rd7 Qa1+ 40. Kh2 Qe5+ 41. g3 Rxd7 42. exd7 Qd6 43. Be8 Bd8 44. Qa2 Bc7 45. Bg6 Qxg3+ 46. Kh1 Qxh3+ 47. Kg1 Qe3+ 48. Kg2 Qe4+ 49. Kf1 Qd3+ 50. Kg2 Qxd7 51. Qa8+ Bd8 52. Kf3 b4 53. Qa2 Qd5+ 54. Qxd5 cxd5 55. Bf7 d4 56. Ke4 Bb6 57. Kd3 Bc5 58. Kc4 b6 59. Kd3 Kh7 60. Kc4 h5 61. Bxh5 Kh6 62. Bd1 Kg5 63. Bc2 Kf4 64. Bb1 Ke3 65. Bc2 Kd2 66. Be4 Ke2 67. Bd3+ Ke3 68. Bb1 b3 69. Kxb3 d3 70. Kc3 d2 71. Bc2 Ke2 72. Kc4 d1Q 73. Bxd1+ Kxd1 74. Kd5 Be3 75. Ke6 b5 76. Kf7 Bh6 0-1

[Event "GER Cup Net Final-A U2400"]
[Site "Playchess.com INT"]
[Date "2020.06.06"]
[Round "6"]
[White "Thiede, Lars"]
[Black "Zimmermann, Rene"]
[Result "1-0"]
[WhiteElo "2139"]
[BlackElo "2045"]
[PlyCount "115"]
[EventDate "2020.06.06"]
[EventType "swiss (blitz)"]
[EventRounds "13"]
[EventCountry "GER"]
[SourceTitle "CBM 197 Extra"]
[Source "ChessBase"]
[SourceDate "2020.09.30"]
[SourceVersion "1"]
[SourceVersionDate "2020.09.30"]
[SourceQuality "1"]

1. c4 e6 2. g3 d5 3. Nf3 c6 4. Bg2 Nf6 5. b3 Be7 6. Bb2 0-0 7. d3 b6 8. Nc3 Bb7 9. 0-0 Nbd7 10. e3 c5 11. Qe2 dxc4 12. dxc4 a6 13. Rfd1 Qc7 14. Rd2 Rad8 15. Rad1 Nb8 16. Ne1 Bxg2 17. Kxg2 Rxd2 18. Rxd2 Rd8 19. Nf3 Nc6 20. Qd1 Rxd2 21. Qxd2 Qd6 22. Na4 Qxd2 23. Nxd2 Bd8 24. Bxf6 gxf6 25. Ne4 Nb4 26. Nec3 Kf8 27. Kf3 Ke7 28. Ke2 f5 29. Kd2 Kd6 30. a3 Nc6 31. f4 h5 32. Kc2 h4 33. gxh4 Bxh4 34. Nxb6 Bf2 35. Nd1 Bg1 36. h4 e5 37. Nd5 exf4 38. Nxf4 Ke5 39. h5 Kf6 40. h6 Bh2 41. Nc3 Bxf4 42. Nd5+ Kg6 43. Nxf4+ Kxh6 44. Nd3 Kg5 45. Nxc5 a5 46. Nd3 Kg4 47. Kd2 Kf3 48. b4 axb4 49. axb4 Ke4 50. Ke2 f4 51. exf4 Kd4 52. c5 Kc4 53. Ne5+ Kxb4 54. Nxc6+ Kxc5 55. Ne5 Kd4 56. Kf3 f6 57. Ng4 f5 58. Nh6 1-0

[Event "GER Cup Net Final-A U2400"]
[Site "Playchess.com INT"]
[Date "2020.06.06"]
[Round "2"]
[White "Vatter, Hans Joachim"]
[Black "Zimmermann, Rene"]
[Result "0-1"]
[WhiteElo "2160"]
[BlackElo "2045"]
[PlyCount "134"]
[EventDate "2020.06.06"]
[EventType "swiss (blitz)"]
[EventRounds "13"]
[EventCountry "GER"]
[SourceTitle "CBM 197 Extra"]
[Source "ChessBase"]
[SourceDate "2020.09.30"]
[SourceVersion "1"]
[SourceVersionDate "2020.09.30"]
[SourceQuality "1"]

1. e4 e6 2. d4 d5 3. e5 c5 4. c3 Bd7 5. Nf3 Qb6 6. a3 Bb5 7. c4 Bxc4 8. Bxc4 dxc4 9. d5 exd5 10. Qxd5 Nc6 11. Qxc4 Nge7 12. 0-0 Ng6 13. e6 f6 14. Nc3 Bd6 15. Nd5 Qd8 16. Re1 Nce7 17. Qb5+ Kf8 18. Nxe7 Qxe7 19. Bd2 a6 20. Qc4 b5 21. Qe4 Rd8 22. Bc3 Qc7 23. Rad1 Ne7 24. b4 cxb4 25. Bxb4 Bxb4 26. axb4 g6 27. h4 Rxd1 28. Rxd1 Qc6 29. Qf4 Kg7 30. Rd7 Qxe6 31. Qc7 Re8 32. Nd4 Qe1+ 33. Kh2 Qe5+ 34. Qxe5 fxe5 35. Nc6 Kf6 36. Rd6+ Kf5 37. g4+ Kxg4 38. Re6 Nxc6 39. Rxe8 Kxh4 40. Re6 Nxb4 41. Rxe5 Nd3 42. Re4+ Kg5 43. Kg3 Kf5 44. Re7 h5 45. Ra7 Nb4 46. Rb7 g5 47. Rf7+ Kg6 48. Rb7 Kf5 49. Rc7 h4+ 50. Kf3 g4+ 51. Kg2 h3+ 52. Kg3 Nd3 53. Rf7+ Ke4 54. Rg7 h2 55. Rxg4+ Kd5 56. Rh4 b4 57. Rxh2 b3 58. f4 b2 59. Rh1 Nc1 60. Kg4 b1Q 61. f5 Ke5 62. Re1+ Kf6 63. Re6+ Kf7 64. Rxa6 Qe4+ 65. Kg5 Qe3+ 66. Kg4 Qe2+ 67. Kg5 Qxa6 0-1

[Event "GER Cup Net Final-A U2400"]
[Site "Playchess.com INT"]
[Date "2020.06.06"]
[Round "9"]
[White "Zimmermann, Rene"]
[Black "Arnold, Max"]
[Result "0-1"]
[WhiteElo "2045"]
[BlackElo "2127"]
[PlyCount "78"]
[EventDate "2020.06.06"]
[EventType "swiss (blitz)"]
[EventRounds "13"]
[EventCountry "GER"]
[SourceTitle "CBM 197 Extra"]
[Source "ChessBase"]
[SourceDate "2020.09.30"]
[SourceVersion "1"]
[SourceVersionDate "2020.09.30"]
[SourceQuality "1"]

1. d4 Nf6 2. c3 d5 3. Bg5 Ne4 4. Bf4 c5 5. e3 Qb6 6. Qb3 c4 7. Qxb6 axb6 8. a3 Nc6 9. Nf3 Bf5 10. Nbd2 e6 11. Ne5 Nxd2 12. Kxd2 Na5 13. Re1 f6 14. Nf3 Nb3+ 15. Kd1 Bxa3 16. e4 dxe4 17. Bxc4 exf3 18. gxf3 Bxb2 19. Bxb3 Bxc3 20. Bxe6 Ra1+ 21. Ke2 Rxe1+ 22. Rxe1 Bxe1 23. Bxf5 Ba5 24. Be4 Kf7 25. Bxb7 b5 26. Kd3 Rd8 27. Bc6 Bb6 28. Be3 b4 29. Kc4 b3 30. Be4 b2 31. Kc3 g6 32. Bd3 f5 33. Bc4+ Kf6 34. h4 b1Q 35. Bg5+ Kg7 36. Bxd8 Bxd8 37. Bd3 Qa1+ 38. Kc4 Bf6 39. d5 Qd4+ 0-1

[Event "GER Cup Net Final-A U2400"]
[Site "Playchess.com INT"]
[Date "2020.06.06"]
[Round "7"]
[White "Zimmermann, Rene"]
[Black "Richter, Nils"]
[Result "1/2-1/2"]
[WhiteElo "2045"]
[BlackElo "2100"]
[PlyCount "123"]
[EventDate "2020.06.06"]
[EventType "swiss (blitz)"]
[EventRounds "13"]
[EventCountry "GER"]
[SourceTitle "CBM 197 Extra"]
[Source "ChessBase"]
[SourceDate "2020.09.30"]
[SourceVersion "1"]
[SourceVersionDate "2020.09.30"]
[SourceQuality "1"]

1. d4 d5 2. c3 Bf5 3. Bg5 c6 4. Nd2 Nd7 5. e3 h6 6. Bh4 g5 7. Bg3 Bg7 8. h4 g4 9. Ne2 Ngf6 10. Nf4 h5 11. Bd3 Bxd3 12. Nxd3 Ne4 13. Nxe4 dxe4 14. Nc1 e5 15. Ne2 exd4 16. cxd4 Qa5+ 17. Qd2 Qxd2+ 18. Kxd2 0-0-0 19. Rac1 Ne5 20. Bxe5 Bxe5 21. Rc5 Bd6 22. Rf5 Rh7 23. Nc3 Re8 24. Rc1 Kd7 25. Na4 Ke6 26. Ra5 a6 27. Nc5+ Ke7 28. Nxb7 Bb4+ 29. Ke2 Rb8 30. Re5+ Kf6 31. Nc5 Bxc5 32. Rexc5 Rxb2+ 33. R1c2 Rxc2+ 34. Rxc2 Kg6 35. Rxc6+ f6 36. Rxa6 Rb7 37. g3 Rb2+ 38. Kf1 Rb1+ 39. Kg2 Rb2 40. a4 Ra2 41. Ra8 Ra1 42. a5 Ra2 43. a6 Ra1 44. a7 Kg7 45. Re8 Rxa7 46. Rxe4 Kg6 47. Re8 Ra1 48. e4 Rd1 49. d5 Kg7 50. Re6 Kf7 51. e5 fxe5 52. Rxe5 Kg6 53. Rg5+ Kh6 54. Re5 Kg6 55. Re6+ Kg7 56. d6 Kh7 57. Re7+ Kg6 58. d7 Kh6 59. Kh2 Kg6 60. Kg2 Kf6 61. Rh7 Kg6 62. Re7 1/2-1/2

[Event "GER Cup Net V4 U2400"]
[Site "Playchess.com INT"]
[Date "2020.05.31"]
[Round "9"]
[White "Zimmermann, Rene"]
[Black "Koellner, Christof"]
[Result "0-1"]
[WhiteElo "2064"]
[BlackElo "1985"]
[PlyCount "94"]
[EventDate "2020.05.31"]
[EventType "swiss (blitz)"]
[EventRounds "9"]
[EventCountry "GER"]
[SourceTitle "EXT 2021"]
[Source "ChessBase"]
[SourceDate "2020.10.23"]
[SourceVersion "1"]
[SourceVersionDate "2020.10.23"]
[SourceQuality "1"]

1. d4 d6 2. c3 Nf6 3. Bg5 Bf5 4. Nd2 h6 5. Bh4 Nbd7 6. Ngf3 c6 7. e3 Ne4 8. Nxe4 Bxe4 9. Nd2 Bg6 10. Be2 Qc7 11. 0-0 e5 12. f4 exf4 13. exf4 f5 14. Bh5 Kf7 15. Qb3+ d5 16. Bxg6+ Kxg6 17. Nf3 Kh7 18. Rae1 Bd6 19. Ne5 Rhf8 20. Re3 Nf6 21. Bxf6 gxf6 22. Nd3 Rae8 23. Rxe8 Rxe8 24. Qc2 Re4 25. g3 Qe7 26. Nf2 Kg7 27. Nxe4 fxe4 28. f5 c5 29. Qe2 c4 30. Qg4+ Kh8 31. Qg6 Qf8 32. b3 b5 33. bxc4 dxc4 34. Re1 Qe7 35. Qxh6+ Kg8 36. Qe3 a5 37. Qxe4 Qxe4 38. Rxe4 b4 39. Re8+ Kf7 40. Rc8 b3 41. axb3 cxb3 42. Rc6 Bb4 43. Re6 b2 44. Re1 a4 45. cxb4 a3 46. b5 a2 47. b6 b1Q 0-1

[Event "GER Cup Net V3 U2400"]
[Site "Playchess.com INT"]
[Date "2020.05.27"]
[Round "7"]
[White "Peng, Xiang Tobias"]
[Black "Zimmermann, Rene"]
[Result "1-0"]
[WhiteElo "2051"]
[BlackElo "2124"]
[PlyCount "77"]
[EventDate "2020.05.27"]
[EventType "swiss (blitz)"]
[EventRounds "9"]
[EventCountry "GER"]
[SourceTitle "EXT 2021"]
[Source "ChessBase"]
[SourceDate "2020.10.23"]
[SourceVersion "1"]
[SourceVersionDate "2020.10.23"]
[SourceQuality "1"]

1. e4 e6 2. d4 d5 3. exd5 exd5 4. Bd3 Nc6 5. Nf3 Bd6 6. 0-0 Nge7 7. c4 dxc4 8. Bxc4 Bg4 9. Bxf7+ Kxf7 10. Ng5+ Ke8 11. Qxg4 Qd7 12. Ne6 g6 13. Nc3 Nf5 14. d5 Nd8 15. Re1 Nxe6 16. dxe6 Qg7 17. Bf4 Rd8 18. Bxd6 Rxd6 19. Qa4+ Ke7 20. Qxa7 Qd4 21. Qxb7 Qb6 22. Nd5+ Rxd5 23. Qxd5 Rd8 24. Qe5 Rd2 25. Qf4 Rxb2 26. Rad1 Ke8 27. e7 Nxe7 28. Qe4 Qxf2+ 29. Kh1 Qc5 30. Qe6 Kf8 31. Qf6+ Ke8 32. Qxb2 Kf7 33. Qe2 Nf5 34. Qe6+ Kg7 35. Rd7+ Kh6 36. Qe2 Qc6 37. Qd2+ g5 38. Qd5 Qg6 39. Re6 1-0

[Event "GER-ch Net Amateur Gr-A Final"]
[Site "Playchess.com INT"]
[Date "2020.04.18"]
[Round "3"]
[White "Boos, Markus"]
[Black "Zimmermann, Rene"]
[Result "1/2-1/2"]
[WhiteElo "2062"]
[BlackElo "2174"]
[PlyCount "111"]
[EventDate "2020.04.18"]
[EventType "swiss (blitz)"]
[EventRounds "13"]
[EventCountry "GER"]
[SourceTitle "CBM 195 Extra"]
[Source "ChessBase"]
[SourceDate "2020.05.31"]
[SourceVersion "1"]
[SourceVersionDate "2020.05.31"]
[SourceQuality "1"]

1. Nf3 d5 2. g3 c6 3. Bg2 Bg4 4. 0-0 Nd7 5. d4 e6 6. h3 Bh5 7. b3 f5 8. Bb2 Ngf6 9. c4 Bd6 10. Ne5 0-0 11. Nd2 Qc7 12. Ndf3 Bxf3 13. Nxf3 Ne4 14. Rc1 Rae8 15. Qd3 Rf6 16. Rc2 g5 17. Bc1 Rg6 18. Nh2 h5 19. Nf3 Kh8 20. Ne5 Nxe5 21. dxe5 Bxe5 22. Bb2 Bxb2 23. Rxb2 Qe5 24. Rc2 Kg7 25. Rd1 Rh8 26. Qd4 Qxd4 27. Rxd4 Nf6 28. cxd5 exd5 29. b4 a6 30. a4 Re8 31. b5 axb5 32. axb5 Ne4 33. bxc6 bxc6 34. Ra4 Rge6 35. Ra7+ Kf6 36. e3 R8e7 37. Ra8 Rc7 38. Rf8+ Kg6 39. Bxe4 fxe4 40. Rg8+ Kf5 41. Rf8+ Rf6 42. Rh8 Kg6 43. Rg8+ Kh6 44. Rh8+ Kg6 45. Rg8+ Kf5 46. Rc5 g4 47. h4 Rh6 48. Re8 Kf6 49. Kg2 Kf7 50. Ra8 Ke6 51. Rf8 Kd6 52. Ra5 Ke7 53. Raa8 Kd6 54. Ra5 Kd7 55. Raa8 Kd6 56. Ra5 1/2-1/2

[Event "GER-ch Net Amateur Gr-A Final"]
[Site "Playchess.com INT"]
[Date "2020.04.18"]
[Round "10"]
[White "Dahl, Christoph"]
[Black "Zimmermann, Rene"]
[Result "1/2-1/2"]
[WhiteElo "2133"]
[BlackElo "2174"]
[PlyCount "160"]
[EventDate "2020.04.18"]
[EventType "swiss (blitz)"]
[EventRounds "13"]
[EventCountry "GER"]
[SourceTitle "CBM 195 Extra"]
[Source "ChessBase"]
[SourceDate "2020.05.31"]
[SourceVersion "1"]
[SourceVersionDate "2020.05.31"]
[SourceQuality "1"]

1. e4 e6 2. d4 d5 3. Nc3 Bb4 4. e5 c5 5. a3 Bxc3+ 6. bxc3 Qa5 7. Bd2 Qa4 8. Qb1 c4 9. f4 Ne7 10. Nf3 Nbc6 11. Be2 Bd7 12. 0-0 0-0-0 13. Nh4 f6 14. exf6 gxf6 15. Bg4 Ng6 16. Nf3 Qa5 17. Re1 f5 18. Bh5 Rhg8 19. Bxg6 Rxg6 20. Ne5 Nxe5 21. dxe5 Rdg8 22. Re2 h5 23. Qb2 h4 24. Rb1 Bc6 25. Qb4 Qxb4 26. axb4 a6 27. Be1 d4 28. g3 hxg3 29. Bxg3 Rxg3+ 30. hxg3 Rxg3+ 31. Kh2 Rxc3 32. Rd2 d3 33. cxd3 cxd3 34. Kg3 Be4 35. Kf2 Kc7 36. Ke3 Kb6 37. Rg1 Kb5 38. Rg6 Rc6 39. Rg7 b6 40. Ra7 Rc4 41. Ra2 Bd5 42. R2xa6 Re4+ 43. Kxd3 Rxf4 44. Ra1 Rxb4 45. Rc1 f4 46. Rd7 f3 47. Rf7 Rb3+ 48. Kd2 Kb4 49. Rf4+ Kb5 50. Rc3 Rxc3 51. Kxc3 Kc5 52. Rf8 b5 53. Rc8+ Kb6 54. Rd8 Bc4 55. Rf8 Be2 56. Rf6 Kc5 57. Kd2 Kd5 58. Ke3 Kxe5 59. Rf4 Kd5 60. Rd4+ Kc5 61. Re4 b4 62. Rxe6 b3 63. Re5+ Kc4 64. Re8 Kc3 65. Rc8+ Kb2 66. Rb8 Kc2 67. Rc8+ Kb1 68. Rb8 b2 69. Kd2 Bc4 70. Rf8 Bd5 71. Rf6 Ka1 72. Ra6+ Ba2 73. Rf6 b1Q 74. Rxf3 Qb4+ 75. Ke3 Qc3+ 76. Kf2 Qd2+ 77. Kg1 Bd5 78. Rf1+ Kb2 79. Rf2 Kc1 80. Rxd2 Kxd2 1/2-1/2

[Event "GER-ch Net Amateur Gr-A Final"]
[Site "Playchess.com INT"]
[Date "2020.04.18"]
[Round "7"]
[White "Helmer, Christoph"]
[Black "Zimmermann, Rene"]
[Result "1-0"]
[WhiteElo "2132"]
[BlackElo "2174"]
[PlyCount "85"]
[EventDate "2020.04.18"]
[EventType "swiss (blitz)"]
[EventRounds "13"]
[EventCountry "GER"]
[SourceTitle "CBM 195 Extra"]
[Source "ChessBase"]
[SourceDate "2020.05.31"]
[SourceVersion "1"]
[SourceVersionDate "2020.05.31"]
[SourceQuality "1"]

1. e4 e6 2. d4 d5 3. Nd2 Nf6 4. e5 Nfd7 5. Bd3 c5 6. c3 Nc6 7. Ne2 cxd4 8. cxd4 f6 9. exf6 Nxf6 10. 0-0 Bd6 11. Nf3 Qc7 12. h3 0-0 13. Be3 Bd7 14. Rc1 Qb6 15. Ng5 Ne7 16. Bf4 Rac8 17. Qd2 h6 18. Nf3 Nf5 19. Bxf5 exf5 20. Ne5 Bb5 21. Rfe1 Ne4 22. Qe3 Bxe2 23. Rxe2 Rxc1+ 24. Qxc1 Qxd4 25. Ng6 Bxf4 26. Nxf4 Kh7 27. Ne6 Qf6 28. Nxf8+ Qxf8 29. Qc7 Qb4 30. f3 Qd4+ 31. Kh2 Ng5 32. Qg3 f4 33. Qf2 Qc4 34. Re7 Qc6 35. Qd4 Qg6 36. Qxd5 Qc2 37. h4 Nxf3+ 38. Qxf3 Qf5 39. Qe4 Qxe4 40. Rxe4 g5 41. hxg5 hxg5 42. Re7+ Kg6 43. Rxb7 1-0

[Event "GER-ch Net Amateur Gr-A Final"]
[Site "Playchess.com INT"]
[Date "2020.04.18"]
[Round "8"]
[White "Zimmermann, Rene"]
[Black "Woelk, Tom Frederic"]
[Result "0-1"]
[WhiteElo "2174"]
[BlackElo "2004"]
[PlyCount "66"]
[EventDate "2020.04.18"]
[EventType "swiss (blitz)"]
[EventRounds "13"]
[EventCountry "GER"]
[SourceTitle "CBM 195 Extra"]
[Source "ChessBase"]
[SourceDate "2020.05.31"]
[SourceVersion "1"]
[SourceVersionDate "2020.05.31"]
[SourceQuality "1"]

1. d4 Nf6 2. c3 c6 3. Bg5 d5 4. Nd2 Bf5 5. e3 Nbd7 6. f4 e6 7. Ngf3 Be7 8. Ne5 Nxe5 9. fxe5 Ne4 10. Bxe7 Qxe7 11. Be2 0-0 12. 0-0 f6 13. Nf3 Bg4 14. exf6 Rxf6 15. Ne5 Bxe2 16. Qxe2 Raf8 17. Rxf6 Rxf6 18. Rf1 Nd6 19. Rf3 Nf7 20. Ng4 Rxf3 21. Qxf3 e5 22. h3 exd4 23. exd4 h6 24. Qg3 Kh7 25. Qd3+ Kh8 26. Qf5 Nd6 27. Qf4 Nf7 28. Qb8+ Kh7 29. Qxa7 h5 30. Nh2 Qe3+ 31. Kf1 Ng5 32. Qxb7 Ne4 33. Qf7 Ng3# 0-1